[Event "Bayern-chI Bank Hofmann 26th"]
[Site "Tegernsee"]
[Date "2023.11.04"]
[Round "8"]
[White "Gohla, Ulf"]
[Black "Chassard, Cedric"]
[Result "1/2-1/2"]
[WhiteElo "2102"]
[BlackElo "2326"]
[PlyCount "42"]
[EventDate "2023.10.28"]
[EventType "swiss"]
[EventRounds "9"]
[EventCountry "GER"]
[SourceTitle "Mega2024 Update 01"]
[Source "Chessbase"]
[SourceDate "2023.11.12"]
[SourceVersion "1"]
[SourceVersionDate "2023.11.12"]
[SourceQuality "1"]

1. d4 Nf6 2. c4 e6 3. Nf3 d5 4. g3 Be7 5. Bg2 0-0 6. 0-0 dxc4 7. Ne5 Nc6 8. Bxc6 bxc6 9. Nxc6 Qe8 10. Nxe7+ Qxe7 11. Qa4 e5 12. dxe5 Qxe5 13. Qxc4 Be6 14. Qc2 Bf5 15. Qc4 Be6 16. Qc2 Rfe8 17. Nc3 Qh5 18. f3 Bh3 19. Rf2 Rad8 20. e4 Nd7 21. Bf4 c6 1/2-1/2

[Event "Bayern-chI Bank Hofmann 25th"]
[Site "Tegernsee"]
[Date "2022.11.07"]
[Round "3"]
[White "Gohla, Ulf"]
[Black "Mikrut, Dariusz"]
[Result "0-1"]
[WhiteElo "2087"]
[BlackElo "2317"]
[PlyCount "60"]
[EventDate "2022.11.05"]
[EventType "swiss"]
[EventRounds "9"]
[EventCountry "GER"]
[SourceTitle "CBM 211 Extra"]
[Source "ChessBase"]
[SourceDate "2023.01.31"]
[SourceVersion "1"]
[SourceVersionDate "2023.01.31"]
[SourceQuality "1"]

1. d4 Nf6 2. c4 g6 3. Nc3 Bg7 4. e4 d6 5. Be2 0-0 6. Bg5 Na6 7. Qd2 e5 8. d5 c6 9. f3 Qa5 10. g4 cxd5 11. cxd5 Bd7 12. Nh3 Nc5 13. 0-0 b5 14. b4 Qxb4 15. Rab1 Qd4+ 16. Qxd4 exd4 17. Nxb5 d3 18. Bxd3 Nxd3 19. Nxd6 h5 20. Nf2 Ne5 21. Kg2 hxg4 22. f4 Nf3 23. Rb7 Rad8 24. e5 Nxd5 25. Bxd8 Nxf4+ 26. Kh1 Rxd8 27. Rxd7 Rxd7 28. Nxg4 Nxe5 29. Ne8 Nxg4 30. Rxf4 f5 0-1

[Event "BEL-chT 2122"]
[Site "Belgium"]
[Date "2022.05.01"]
[Round "5.6"]
[White "Dardha, Arben"]
[Black "Gohla, Ulf"]
[Result "1/2-1/2"]
[WhiteElo "2247"]
[BlackElo "2113"]
[PlyCount "68"]
[EventDate "2021.10.24"]
[EventType "team-tourn"]
[EventRounds "11"]
[EventCountry "BEL"]
[SourceTitle "EXT 2023"]
[Source "ChessBase"]
[SourceDate "2022.10.05"]
[SourceVersion "1"]
[SourceVersionDate "2022.10.05"]
[SourceQuality "1"]
[WhiteTeam "Wirtzfeld"]
[BlackTeam "KSK47 Eynatten"]
[WhiteTeamCountry "BEL"]
[BlackTeamCountry "BEL"]

1. e4 e5 2. Nf3 Nc6 3. Nc3 Nf6 4. d4 exd4 5. Nxd4 Bb4 6. Nxc6 bxc6 7. Bd3 d5 8. exd5 cxd5 9. 0-0 0-0 10. h3 c6 11. Qf3 Be6 12. Bf4 Bd6 13. Ne2 Rb8 14. b3 Re8 15. Rad1 Bxf4 16. Nxf4 Qa5 17. c3 Ne4 18. Bxe4 dxe4 19. Qg3 Bf5 20. Ne2 c5 21. Rd2 Rb6 22. Qe5 Be6 23. Qxe4 h6 24. Qh4 Bc8 25. Rfd1 Rf6 26. Ng3 g5 27. Qa4 Qxa4 28. bxa4 Ra6 29. Rd8 Kf8 30. Ne4 Rxa4 31. Nf6 Rxd8 32. Rxd8+ Ke7 33. Rxc8 Kxf6 34. Rxc5 Rxa2 1/2-1/2

[Event "Reinstorf op"]
[Site "Reinstorf"]
[Date "2022.02.06"]
[Round "9"]
[White "Lubbe, Melanie"]
[Black "Gohla, Ulf"]
[Result "1-0"]
[WhiteElo "2297"]
[BlackElo "2139"]
[PlyCount "93"]
[EventDate "2022.01.29"]
[EventType "swiss"]
[EventRounds "9"]
[EventCountry "GER"]
[SourceTitle "CBM 206 Extra"]
[Source "ChessBase"]
[SourceDate "2022.03.31"]
[SourceVersion "1"]
[SourceVersionDate "2022.03.31"]
[SourceQuality "1"]

1. e4 e5 2. Nf3 Nc6 3. Bc4 Bc5 4. c3 Nf6 5. d3 a6 6. 0-0 0-0 7. a4 d6 8. Re1 Ba7 9. Bg5 Ne7 10. h3 Ng6 11. Nh4 Nxh4 12. Bxh4 h6 13. Nd2 g5 14. Bg3 Kg7 15. d4 exd4 16. e5 Ng8 17. exd6 cxd6 18. Nf3 d5 19. Bb3 dxc3 20. bxc3 Ne7 21. Nd4 Nc6 22. Qf3 Bb8 23. Bxb8 Rxb8 24. Bxd5 Nxd4 25. cxd4 Qf6 26. Qg3 Bf5 27. Re5 Bg6 28. Rc1 b5 29. Rc6 Qd8 30. Rxa6 bxa4 31. Qf3 Rb1+ 32. Kh2 Rb6 33. Rxa4 Qb8 34. g3 Rf6 35. Qe3 Qb2 36. Ra2 Qb1 37. Rd2 Rd8 38. Bg2 Rfd6 39. d5 Qb5 40. Qd4 f6 41. Re7+ Bf7 42. Rb2 Qa6 43. Rbb7 Rf8 44. Bf3 Kg8 45. Bh5 Qxb7 46. Rxb7 Bxh5 47. Qa7 1-0

[Event "Reinstorf op"]
[Site "Reinstorf"]
[Date "2022.02.04"]
[Round "7"]
[White "Gohla, Ulf"]
[Black "Ponomarev, Maximilian"]
[Result "1-0"]
[WhiteElo "2139"]
[BlackElo "2003"]
[PlyCount "81"]
[EventDate "2022.01.29"]
[EventType "swiss"]
[EventRounds "9"]
[EventCountry "GER"]
[SourceTitle "CBM 206 Extra"]
[Source "ChessBase"]
[SourceDate "2022.03.31"]
[SourceVersion "1"]
[SourceVersionDate "2022.03.31"]
[SourceQuality "1"]

1. d4 Nf6 2. c4 e6 3. Nc3 Bb4 4. Qc2 b6 5. e4 c5 6. d5 Qe7 7. Be2 d6 8. Nf3 Bxc3+ 9. Qxc3 e5 10. Bd3 0-0 11. Bc2 h6 12. Bd2 a6 13. a3 Nh7 14. g3 Bh3 15. Nh4 Nd7 16. Nf5 Qf6 17. g4 Bxg4 18. Nxh6+ gxh6 19. Rg1 Kh8 20. Rxg4 Rg8 21. Rg3 Rxg3 22. hxg3 Ng5 23. Ke2 Re8 24. Qe3 Qg6 25. Rh1 Kg7 26. Kd1 Nf6 27. Kc1 Rh8 28. Rh4 b5 29. cxb5 axb5 30. f4 exf4 31. Qxf4 Nd7 32. Bc3+ Ne5 33. Bxe5+ dxe5 34. Qxe5+ Kg8 35. Qf4 b4 36. e5 Qb6 37. e6 fxe6 38. Rxh6 Rxh6 39. Qxg5+ Kf7 40. Qxh6 bxa3 41. Qxe6+ 1-0

[Event "Reinstorf op"]
[Site "Reinstorf"]
[Date "2022.02.02"]
[Round "5"]
[White "Limbach, Torsten"]
[Black "Gohla, Ulf"]
[Result "0-1"]
[WhiteElo "1927"]
[BlackElo "2139"]
[PlyCount "172"]
[EventDate "2022.01.29"]
[EventType "swiss"]
[EventRounds "9"]
[EventCountry "GER"]
[SourceTitle "CBM 206 Extra"]
[Source "ChessBase"]
[SourceDate "2022.03.31"]
[SourceVersion "1"]
[SourceVersionDate "2022.03.31"]
[SourceQuality "1"]

1. d4 Nf6 2. Nf3 d5 3. g3 c6 4. Bg2 g6 5. 0-0 Bg7 6. c4 dxc4 7. Ne5 Nbd7 8. Nxc4 0-0 9. Nc3 Nb6 10. Na5 Nbd5 11. Nb3 Nxc3 12. bxc3 Nd5 13. Qd3 Re8 14. e4 Nb6 15. Nc5 Nd7 16. Ba3 Qa5 17. Bb4 Nxc5 18. Bxc5 b6 19. Bb4 Ba6 20. Qc2 Qh5 21. Rfd1 Be2 22. Re1 Bg4 23. e5 Rac8 24. Ba3 Bf3 25. Bxf3 Qxf3 26. Rad1 e6 27. Re3 Qh5 28. Qe2 Qxe2 29. Rxe2 Red8 30. Red2 Rd7 31. Kf1 Rcd8 32. Ke2 f6 33. f4 Kf7 34. Rd3 f5 35. h3 Bf8 36. Bxf8 Kxf8 37. g4 b5 38. Ke3 a5 39. a3 Ke7 40. g5 h6 41. h4 hxg5 42. fxg5 Rh8 43. Rh1 Kd8 44. Kf4 Rdh7 45. Rdh3 Rh5 46. R1h2 Kc7 47. Kg3 Rd8 48. Kf4 b4 49. axb4 axb4 50. Ke3 bxc3 51. Rc2 Kb6 52. Rxc3 Rdh8 53. Rb3+ Kc7 54. Kd3 Rxh4 55. Rxh4 Rxh4 56. Kc4 Rh1 57. Ra3 Rc1+ 58. Kb4 Kb6 59. Ra8 Rg1 60. Re8 Rxg5 61. Rxe6 Rg4 62. Kc3 Kb5 63. Rf6 c5 64. d5 Rc4+ 65. Kb3 Re4 66. e6 c4+ 67. Kc3 Kc5 68. Rxg6 Kxd5 69. Rf6 Ke5 70. Rh6 Kd6 71. Rf6 f4 72. Kb4 Ke7 73. Rh6 f3 74. Rh1 f2 75. Rf1 Rf4 76. Kc3 Kxe6 77. Kd2 Kd5 78. Ke2 Kd4 79. Rd1+ Kc3 80. Kf1 Kc2 81. Rd6 c3 82. Rd5 Kc1 83. Rc5 c2 84. Rc6 Kd2 85. Rd6+ Kc3 86. Rc6+ Rc4 0-1

[Event "Ruhrgebiet Regionalliga 1819"]
[Site "Nordrheinwestfalen"]
[Date "2019.03.03"]
[Round "8.3"]
[White "Gohla, Ulf"]
[Black "Sohlmann, Jan Henning"]
[Result "0-1"]
[WhiteElo "2165"]
[BlackElo "2185"]
[PlyCount "41"]
[EventDate "2018.09.02"]
[EventType "team-tourn"]
[EventRounds "11"]
[EventCountry "GER"]
[SourceTitle "EXT 2022"]
[Source "ChessBase"]
[SourceDate "2021.10.06"]
[SourceVersion "1"]
[SourceVersionDate "2021.10.06"]
[SourceQuality "1"]
[WhiteTeam "Wattenscheid SV II"]
[BlackTeam "Welper SV"]
[WhiteTeamCountry "GER"]
[BlackTeamCountry "GER"]

1. d4 Nf6 2. c4 d6 3. Nc3 e5 4. dxe5 dxe5 5. Qxd8+ Kxd8 6. Bg5 Be6 7. 0-0-0+ Kc8 8. Bxf6 gxf6 9. e3 a5 10. Nf3 Nd7 11. Na4 Ra6 12. Kb1 Bf5+ 13. Kc1 Bb4 14. Nd2 Rc6 15. a3 Bxd2+ 16. Kxd2 Rd8 17. Ke1 Bc2 18. Rd3 Bxa4 19. b3 e4 20. Rxd7 Rxd7 21. bxa4 0-1

[Event "BEL-chT 1819"]
[Site "Belgium"]
[Date "2019.02.24"]
[Round "8.7"]
[White "Gohla, Ulf"]
[Black "De Gueldre, Philippe"]
[Result "1-0"]
[WhiteElo "2158"]
[BlackElo "2229"]
[PlyCount "81"]
[EventDate "2018.09.30"]
[EventType "team-tourn"]
[EventRounds "11"]
[EventCountry "BEL"]
[SourceTitle "CBM 189 Extra"]
[Source "ChessBase"]
[SourceDate "2019.06.03"]
[SourceVersion "1"]
[SourceVersionDate "2019.06.03"]
[SourceQuality "1"]
[WhiteTeam "KSK47 Eynatten"]
[BlackTeam "Liege Crelel"]
[WhiteTeamCountry "BEL"]
[BlackTeamCountry "BEL"]

1. d4 d5 2. c4 e6 3. Nc3 c6 4. e4 dxe4 5. Nxe4 Bb4+ 6. Nc3 c5 7. a3 Ba5 8. Nf3 Nf6 9. Be2 Nc6 10. Be3 Ne4 11. Rc1 Nxc3 12. bxc3 cxd4 13. Nxd4 Nxd4 14. Bxd4 0-0 15. 0-0 Qc7 16. f4 Bb6 17. Kh1 Rd8 18. Qd3 Bc5 19. Qe3 b6 20. Bf3 Rb8 21. Qe5 Qxe5 22. Bxe5 Ba6 23. Bxb8 Rxb8 24. Be2 g6 25. Rcd1 Kf8 26. Rd7 Rb7 27. Rxb7 Bxb7 28. a4 Bc6 29. Bf3 Bd7 30. g3 a5 31. Ra1 Ke7 32. Kg2 Be3 33. Ra2 Kd6 34. Kf1 Kc5 35. Ke2 Bc1 36. Kd3 Bc8 37. Ra1 Bb2 38. Rb1 Ba3 39. Rb3 Bc1 40. Rb5+ Kd6 41. Rxb6+ 1-0

[Event "Ruhrgebiet Regionalliga 1819"]
[Site "Nordrheinwestfalen"]
[Date "2018.12.16"]
[Round "5.5"]
[White "Poetter, Clemens"]
[Black "Gohla, Ulf"]
[Result "1/2-1/2"]
[WhiteElo "2012"]
[BlackElo "2165"]
[PlyCount "142"]
[EventDate "2018.09.02"]
[EventType "team-tourn"]
[EventRounds "11"]
[EventCountry "GER"]
[SourceTitle "EXT 2022"]
[Source "ChessBase"]
[SourceDate "2021.10.06"]
[SourceVersion "1"]
[SourceVersionDate "2021.10.06"]
[SourceQuality "1"]
[WhiteTeam "Borbeck Weisse Dame"]
[BlackTeam "Wattenscheid SV II"]
[WhiteTeamCountry "GER"]
[BlackTeamCountry "GER"]

1. Nf3 d5 2. d4 c6 3. e3 Bg4 4. c4 e6 5. Nbd2 Nf6 6. h3 Bh5 7. Bd3 Nbd7 8. 0-0 Bd6 9. e4 dxe4 10. Nxe4 Nxe4 11. Bxe4 0-0 12. Re1 Qc7 13. Bxh7+ Kxh7 14. Ng5+ Kg6 15. g4 Bf4 16. gxh5+ Kh6 17. Qg4 Bxg5 18. Bxg5+ Kh7 19. Qe4+ Kh8 20. Re3 Rae8 21. Bf4 Qd8 22. Qf3 Rg8 23. Kh2 Qh4 24. Rg1 Kh7 25. Rg4 Qf6 26. Qe4+ Kh8 27. Rg5 c5 28. Rd3 cxd4 29. Rxd4 Qe7 30. Qxb7 Nf6 31. Qxe7 Rxe7 32. Ra5 Rge8 33. Be5 Rb7 34. h6 Kh7 35. hxg7 Ng8 36. Rh4+ Kg6 37. Rg4+ Kh7 38. Bc3 f5 39. Rg5 Nh6 40. f4 Nf7 41. Rg2 Kg8 42. Re2 Nd6 43. b3 Rf7 44. Be5 Ne4 45. c5 Rc8 46. b4 Rb7 47. a3 Rc6 48. Rc2 a6 49. Rxa6 Rxa6 50. c6 Rxg7 51. Bxg7 Kxg7 52. b5 Rxa3 53. b6 Rb3 54. b7 Nd6 55. Rd2 Nxb7 56. Rd7+ Kf6 57. cxb7 e5 58. fxe5+ Kxe5 59. Kg2 Kf4 60. Kf2 Rb2+ 61. Ke1 Kg3 62. Rf7 f4 63. h4 f3 64. h5 f2+ 65. Kf1 Rb1+ 66. Ke2 Rb2+ 67. Kf1 Rb1+ 68. Ke2 Rb2+ 69. Ke3 Rxb7 70. Rf3+ Kg4 71. Rxf2 Kg5 1/2-1/2

[Event "Bayern-chI Bank Hofmann 22nd"]
[Site "Tegernsee"]
[Date "2018.11.02"]
[Round "7"]
[White "Wacker, Peter"]
[Black "Gohla, Ulf"]
[Result "1/2-1/2"]
[WhiteElo "2313"]
[BlackElo "2158"]
[PlyCount "95"]
[EventDate "2018.10.27"]
[EventType "swiss"]
[EventRounds "9"]
[EventCountry "GER"]
[SourceTitle "CBM 187 Extra"]
[Source "ChessBase"]
[SourceDate "2018.11.04"]
[SourceVersion "1"]
[SourceVersionDate "2018.11.04"]
[SourceQuality "1"]

1. e4 e5 2. Nf3 Nc6 3. Bb5 a6 4. Ba4 d6 5. Bxc6+ bxc6 6. d4 f6 7. Be3 Ne7 8. Nc3 Bg4 9. h3 Bh5 10. Qe2 Qb8 11. 0-0-0 Qb7 12. dxe5 fxe5 13. g4 Bf7 14. Ng5 Bg8 15. f4 exf4 16. Bxf4 h6 17. Nf3 g5 18. Be3 Bg7 19. Bd4 Bxd4 20. Rxd4 c5 21. Ra4 a5 22. h4 gxh4 23. Rxh4 Ng6 24. Rh2 Qa6 25. Qe3 0-0-0 26. Rh1 Be6 27. Rg1 Rde8 28. Qd3 Kb7 29. Ra3 Bc4 30. Qd2 Ne5 31. Nxe5 Rxe5 32. b3 Be6 33. Rh1 Bxg4 34. Rxh6 Rxh6 35. Qxh6 Be6 36. Kb2 Qb6 37. Qd2 Ka6 38. Kc1 Qb4 39. Ra4 Qb6 40. Nd5 Bxd5 41. exd5 Re8 42. a3 Ra8 43. b4 Kb7 44. bxc5 Qxc5 45. Qd3 Qg1+ 46. Kb2 Qb6+ 47. Qb3 Qxb3+ 48. Kxb3 1/2-1/2

[Event "Bayern-chI Bank Hofmann 22nd"]
[Site "Tegernsee"]
[Date "2018.10.28"]
[Round "2"]
[White "Gohla, Ulf"]
[Black "Zajogin, Alexander"]
[Result "1/2-1/2"]
[WhiteElo "2158"]
[BlackElo "2408"]
[PlyCount "32"]
[EventDate "2018.10.27"]
[EventType "swiss"]
[EventRounds "9"]
[EventCountry "GER"]
[SourceTitle "CBM 187 Extra"]
[Source "ChessBase"]
[SourceDate "2018.11.04"]
[SourceVersion "1"]
[SourceVersionDate "2018.11.04"]
[SourceQuality "1"]

1. d4 Nf6 2. c4 e6 3. Nc3 Bb4 4. Qc2 0-0 5. Nf3 c5 6. dxc5 Na6 7. g3 Nxc5 8. Bd2 b6 9. Bg2 Ba6 10. a3 Bxc3 11. Bxc3 Rc8 12. 0-0 Nce4 13. Bb4 Re8 14. Ne5 d5 15. Qa4 Bxc4 16. Qxa7 Qc7 1/2-1/2

[Event "Ruhrgebiet Regionalliga 1718"]
[Site "Germany"]
[Date "2017.11.12"]
[Round "3.6"]
[White "Gohla, Ulf"]
[Black "Arndt, Olaf"]
[Result "1-0"]
[WhiteElo "2120"]
[BlackElo "1963"]
[PlyCount "93"]
[EventDate "2017.10.01"]
[EventType "team-tourn"]
[EventRounds "9"]
[EventCountry "GER"]
[SourceTitle "EXT 2022"]
[Source "ChessBase"]
[SourceDate "2021.10.06"]
[SourceVersion "1"]
[SourceVersionDate "2021.10.06"]
[SourceQuality "1"]
[WhiteTeam "Wattenscheid SV II"]
[BlackTeam "Horst Emscher"]
[WhiteTeamCountry "GER"]
[BlackTeamCountry "GER"]

1. d4 Nf6 2. c4 e6 3. Nc3 Bb4 4. Qc2 c5 5. dxc5 Bxc5 6. Nf3 Nc6 7. a3 Nd4 8. Nxd4 Bxd4 9. e3 Bxc3+ 10. Qxc3 0-0 11. Bd3 b6 12. b3 Bb7 13. Bb2 d5 14. 0-0 Rc8 15. Qe5 dxc4 16. Bxc4 Rc5 17. Qd4 Qa8 18. f3 Rd8 19. Qh4 Rh5 20. Qg3 Rh6 21. Rad1 Qc8 22. Bd3 Bd5 23. Rc1 Qa8 24. b4 Rd7 25. Bb5 Rd8 26. e4 Rg6 27. Qc7 Bb7 28. Rfd1 Rf8 29. Bc6 Bxc6 30. Rxc6 Ne8 31. Qc8 Nf6 32. Qxa8 Rxa8 33. Rcd6 Kf8 34. Rd8+ Rxd8 35. Rxd8+ Ke7 36. Ra8 Nd7 37. Rxa7 Kd6 38. e5+ Nxe5 39. Bxe5+ Kxe5 40. Rb7 Kd6 41. Rxb6+ Kc7 42. Rb5 Rf6 43. a4 Rf4 44. a5 Rd4 45. a6 Rd1+ 46. Kf2 Ra1 47. Rb7+ 1-0

[Event "GER-chT Betriebe 17th"]
[Site "Berlin"]
[Date "2017.11.02"]
[Round "1.1"]
[White "Lenhardt, Manfred"]
[Black "Gohla, Ulf"]
[Result "0-1"]
[WhiteElo "2086"]
[BlackElo "2171"]
[PlyCount "50"]
[EventDate "2017.11.02"]
[EventType "team-swiss"]
[EventRounds "7"]
[EventCountry "GER"]
[SourceTitle "EXT 2020"]
[Source "ChessBase"]
[SourceDate "2019.10.17"]
[SourceVersion "1"]
[SourceVersionDate "2019.10.17"]
[SourceQuality "1"]
[WhiteTeam "Berlin Vattenfall"]
[BlackTeam "Duesseldorf Vodafone"]
[WhiteTeamCountry "GER"]
[BlackTeamCountry "GER"]

1. d4 d5 2. Nf3 Nf6 3. c4 c6 4. Nc3 dxc4 5. a4 Bf5 6. e3 e6 7. Bxc4 Nbd7 8. 0-0 Bb4 9. Qe2 Bg6 10. Rd1 0-0 11. Bd2 Qe7 12. h3 Rfd8 13. a5 Rac8 14. a6 b6 15. Be1 h6 16. Bd3 Bxd3 17. Rxd3 e5 18. dxe5 Nxe5 19. Nxe5 Qxe5 20. Rad1 Rxd3 21. Qxd3 Qa5 22. e4 Re8 23. f3 b5 24. Bh4 g5 25. Bf2 Qxa6 0-1

[Event "Oberliga NRW 1617"]
[Site "Germany"]
[Date "2017.03.26"]
[Round "8.7"]
[White "Marcziter, Dmitrii"]
[Black "Gohla, Ulf"]
[Result "1/2-1/2"]
[WhiteElo "2275"]
[BlackElo "2151"]
[PlyCount "88"]
[EventDate "2016.09.25"]
[EventType "team-tourn"]
[EventRounds "9"]
[EventCountry "GER"]
[SourceTitle "EXT 2020"]
[Source "ChessBase"]
[SourceDate "2019.10.17"]
[SourceVersion "1"]
[SourceVersionDate "2019.10.17"]
[SourceQuality "1"]
[WhiteTeam "Aachen Aufwaerts II"]
[BlackTeam "Wattenscheid"]
[WhiteTeamCountry "GER"]
[BlackTeamCountry "GER"]

1. d4 d5 2. c4 c6 3. Nf3 Nf6 4. Qc2 g6 5. Bf4 Bf5 6. Qb3 Qb6 7. c5 Qxb3 8. axb3 Nbd7 9. b4 a6 10. Nbd2 Bc2 11. e3 Rc8 12. h3 Bg7 13. Be2 Ne4 14. Rc1 Nxd2 15. Nxd2 Ba4 16. Ra1 Bc2 17. Rc1 Ba4 18. Nf3 0-0 19. 0-0 Ra8 20. Ra1 Bb5 21. Rfe1 Rfe8 22. Bc7 Bxe2 23. Rxe2 Rac8 24. Bg3 Ra8 25. Ree1 f5 26. Nd2 e5 27. Nb3 g5 28. f3 f4 29. Bf2 exd4 30. exd4 Kf7 31. Na5 Rxe1+ 32. Rxe1 Rb8 33. Kf1 Nf8 34. Ke2 Ne6 35. Kd3 Bf6 36. g3 Bd8 37. h4 Bxa5 38. bxa5 h6 39. g4 Re8 40. Rh1 Kg6 41. Rh2 Ng7 42. Rh1 Ne6 43. Rh2 Ng7 44. Rh1 Ne6 1/2-1/2

[Event "GER-chT Betriebe 16th"]
[Site "Dresden"]
[Date "2016.11.06"]
[Round "7.2"]
[White "Gohla, Ulf"]
[Black "Haenisch, Uwe"]
[Result "1/2-1/2"]
[WhiteElo "2151"]
[BlackElo "2195"]
[PlyCount "31"]
[EventDate "2016.11.03"]
[EventType "team-swiss"]
[EventRounds "7"]
[EventCountry "GER"]
[SourceTitle "EXT 2020"]
[Source "ChessBase"]
[SourceDate "2019.10.17"]
[SourceVersion "1"]
[SourceVersionDate "2019.10.17"]
[SourceQuality "1"]
[WhiteTeam "Duesseldorf Vodafone"]
[BlackTeam "Frankfurt/M Deutsche Bahn/BSW"]
[WhiteTeamCountry "GER"]
[BlackTeamCountry "GER"]

1. d4 Nf6 2. c4 e6 3. Nc3 Bb4 4. e3 0-0 5. Nge2 d5 6. a3 Bd6 7. Ng3 c5 8. dxc5 Bxc5 9. b4 Be7 10. Bb2 dxc4 11. Bxc4 Qxd1+ 12. Rxd1 a6 13. Nce4 Nbd7 14. Nd6 Nb6 15. Bb3 Rd8 16. Nxc8 1/2-1/2

[Event "GER-chT Betriebe 16th"]
[Site "Dresden"]
[Date "2016.11.05"]
[Round "6.1"]
[White "Gohla, Ulf"]
[Black "Schulz, Michael"]
[Result "1-0"]
[WhiteElo "2151"]
[BlackElo "2142"]
[PlyCount "111"]
[EventDate "2016.11.03"]
[EventType "team-swiss"]
[EventRounds "7"]
[EventCountry "GER"]
[SourceTitle "EXT 2020"]
[Source "ChessBase"]
[SourceDate "2019.10.17"]
[SourceVersion "1"]
[SourceVersionDate "2019.10.17"]
[SourceQuality "1"]
[WhiteTeam "Duesseldorf Vodafone"]
[BlackTeam "Berlin Osram"]
[WhiteTeamCountry "GER"]
[BlackTeamCountry "GER"]

1. d4 Nf6 2. c4 c5 3. d5 e6 4. Nc3 exd5 5. cxd5 d6 6. e4 g6 7. h3 a6 8. a4 Bg7 9. Nf3 Nbd7 10. Bd3 Nh5 11. 0-0 Ne5 12. Be2 Nxf3+ 13. Bxf3 Qh4 14. Bxh5 gxh5 15. Qd2 Rg8 16. Qf4 Qxf4 17. Bxf4 Bxh3 18. Kh2 Bxc3 19. bxc3 Rg4 20. Bg3 Bxg2 21. Kxg2 Rxe4 22. Bxd6 0-0-0 23. Bxc5 Rxd5 24. Bb6 Rg4+ 25. Kf3 Rf5+ 26. Ke2 Re5+ 27. Kd3 Kd7 28. a5 Rd5+ 29. Kc2 Re4 30. Bd4 h4 31. Rfb1 Rb5 32. Rxb5 axb5 33. Kd3 Rg4 34. Rh1 Ke6 35. Re1+ Kf5 36. Re5+ Kg6 37. Rxb5 h3 38. Rb1 Kf5 39. Rh1 Rh4 40. Ke3 Kg4 41. Rg1+ Kf5 42. Kf3 Rh5 43. Rh1 Ke6 44. Kg4 Rxa5 45. Rxh3 Ra1 46. Rxh7 Rg1+ 47. Kf4 b5 48. Rh5 Rb1 49. Re5+ Kd6 50. Bc5+ Kc6 51. Bb4 Rf1 52. f3 Rh1 53. Rc5+ Kb6 54. Rf5 Rh7 55. Rf6+ Kb7 56. Ke5 1-0

[Event "GER-chT Betriebe 16th"]
[Site "Dresden"]
[Date "2016.11.03"]
[Round "1.2"]
[White "Gohla, Ulf"]
[Black "Rietze, Clemens"]
[Result "0-1"]
[WhiteElo "2151"]
[BlackElo "2359"]
[PlyCount "76"]
[EventDate "2016.11.03"]
[EventType "team-swiss"]
[EventRounds "7"]
[EventCountry "GER"]
[SourceTitle "EXT 2020"]
[Source "ChessBase"]
[SourceDate "2019.10.17"]
[SourceVersion "1"]
[SourceVersionDate "2019.10.17"]
[SourceQuality "1"]
[WhiteTeam "Duesseldorf Vodafone"]
[BlackTeam "Frankfurt AGI"]
[WhiteTeamCountry "GER"]
[BlackTeamCountry "GER"]

1. d4 Nf6 2. c4 g6 3. Nc3 d5 4. Qb3 dxc4 5. Qxc4 Bg7 6. e4 0-0 7. h3 a6 8. Nf3 b5 9. Qb3 c5 10. dxc5 Bb7 11. a4 Nbd7 12. Be3 Nxe4 13. Nxe4 Bxe4 14. axb5 axb5 15. Rc1 Bc6 16. Be2 Qa5+ 17. Bd2 Qa2 18. Qxa2 Rxa2 19. b4 Rb2 20. Bd3 Ra8 21. Rb1 Rba2 22. Rd1 e5 23. Bb1 R2a3 24. 0-0 f5 25. Ne1 Nf6 26. Nc2 R3a7 27. f4 Ne4 28. Be1 Rd7 29. Rxd7 Bxd7 30. Ne3 Bc6 31. g4 exf4 32. Ng2 Bd4+ 33. Kh2 Be5 34. Kg1 Ra1 35. Bc2 Bd4+ 36. Kh2 Be5 37. Kg1 f3 38. Ne3 Rxe1 0-1

[Event "GER-chT Betriebe 16th"]
[Site "Dresden"]
[Date "2016.11.03"]
[Round "2.2"]
[White "Supplieth, Joerg"]
[Black "Gohla, Ulf"]
[Result "0-1"]
[WhiteElo "1731"]
[BlackElo "2151"]
[PlyCount "48"]
[EventDate "2016.11.03"]
[EventType "team-swiss"]
[EventRounds "7"]
[EventCountry "GER"]
[SourceTitle "EXT 2020"]
[Source "ChessBase"]
[SourceDate "2019.10.17"]
[SourceVersion "1"]
[SourceVersionDate "2019.10.17"]
[SourceQuality "1"]
[WhiteTeam "Hamburg Transit II"]
[BlackTeam "Duesseldorf Vodafone"]
[WhiteTeamCountry "GER"]
[BlackTeamCountry "GER"]

1. e4 e5 2. Nf3 Nc6 3. Bc4 Nf6 4. Nc3 Bc5 5. d3 a6 6. Bg5 h6 7. Bh4 d6 8. Nd5 Be6 9. Nxf6+ gxf6 10. Nd2 Rg8 11. Bxe6 fxe6 12. Qh5+ Kd7 13. Qxh6 Rh8 14. Qg7+ Qe7 15. Bxf6 Qxg7 16. Bxg7 Rh7 17. Bxe5 Nxe5 18. f4 Ng4 19. Nf1 Nf2 20. c3 Nxh1 21. d4 Bb6 22. Ke2 c5 23. Rd1 cxd4 24. cxd4 Rc8 0-1

[Event "Ruhrgebiet Verbandsliga Gruppe 2 1516"]
[Site "Germany"]
[Date "2016.03.20"]
[Round "8.3"]
[White "Gohla, Ulf"]
[Black "Krueger, Erich"]
[Result "1-0"]
[WhiteElo "2142"]
[BlackElo "2091"]
[PlyCount "75"]
[EventDate "2015.09.06"]
[EventType "team-tourn"]
[EventRounds "9"]
[EventCountry "GER"]
[SourceTitle "EXT 2022"]
[Source "ChessBase"]
[SourceDate "2021.10.06"]
[SourceVersion "1"]
[SourceVersionDate "2021.10.06"]
[SourceQuality "1"]
[WhiteTeam "Wattenscheid SV III"]
[BlackTeam "Katernberg SF III"]
[WhiteTeamCountry "GER"]
[BlackTeamCountry "GER"]

1. d4 Nf6 2. c4 g6 3. Nc3 Bg7 4. e4 d6 5. Be2 0-0 6. Bg5 Na6 7. Qd2 e5 8. d5 Nc5 9. f3 a5 10. g4 h6 11. Be3 h5 12. gxh5 Nxh5 13. 0-0-0 Bd7 14. Bf1 Nf4 15. h4 f5 16. Nh3 fxe4 17. Nxf4 exf4 18. Bxc5 Bxc3 19. Qxc3 dxc5 20. fxe4 Bg4 21. Re1 f3 22. e5 Qe7 23. Re4 Bh5 24. Qd3 Rad8 25. Bh3 f2 26. Bg4 Qg7 27. Rf1 Rde8 28. Be6+ Kh7 29. Qd2 Qh6 30. Bh3 Rf3 31. Bg2 Rf5 32. e6 Qf8 33. Qxa5 Qd6 34. Qc3 Rf4 35. Qe3 Ref8 36. e7 Rxe4 37. exf8N+ Qxf8 38. Bxe4 1-0

[Event "EU-Cup 31st"]
[Site "Skopje"]
[Date "2015.10.18"]
[Round "1.6"]
[White "Gohla, Ulf"]
[Black "Mirza, Gabriel"]
[Result "1-0"]
[WhiteElo "2165"]
[BlackElo "1801"]
[PlyCount "64"]
[EventDate "2015.10.18"]
[EventType "team-swiss"]
[EventRounds "7"]
[EventCountry "MKD"]
[SourceTitle "CBM 169"]
[Source "ChessBase"]
[SourceDate "2015.11.10"]
[SourceVersion "1"]
[SourceVersionDate "2015.11.10"]
[SourceQuality "1"]
[WhiteTeam "Eynatten"]
[BlackTeam "Adare"]
[WhiteTeamCountry "BEL"]
[BlackTeamCountry "IRL"]

1. d4 Nf6 2. c4 g6 3. Nc3 Bg7 4. e4 d6 5. Be2 0-0 6. Bg5 Na6 7. Qd2 e5 8. d5 c6 9. f3 cxd5 10. cxd5 Bd7 11. g4 Qa5 12. Nh3 Rfc8 13. Nf2 Nb4 14. 0-0 Na6 15. Nd3 Qd8 16. Kh1 Qf8 17. b4 Nc7 18. Nb2 h6 19. Be3 Kh7 20. Rac1 Ng8 21. Bd3 Ne7 22. Qf2 f5 23. gxf5 gxf5 24. Bxa7 f4 25. Nc4 Bb5 26. a4 Bxc4 27. Bxc4 Ng6 28. Rg1 Bf6 29. Bf1 Bh4 30. Qb6 Bd8 31. Bh3 Nh4 32. Bg4 Qe7 1-0